Vient de praitre

Guardado en:
Bibliografiske detaljer
Hovedforfatter: Martineau, Richard et al
Format: Bog
Sprog:Undetermined
Udgivet: New York, Estados Unidos EMC 1975
Fag:
Tags: Tilføj Tag
Ingen Tags, Vær først til at tagge denne postø!

MARC

LEADER 00000nam a2200000Ia 4500
008 170316s9999 xx 000 0 und d
090 |a 415-F M-2v 
100 |a Martineau, Richard et al. 
245 |a Vient de praitre 
260 |a New York, Estados Unidos 
260 |b EMC 
260 |c 1975 
300 |a 184 páginas 
650 |a GRAMÁTICA FRANCESA 
999 |c 19227  |d 19227 
040 |a cru BVZT 
942 |c 15 D  |h 415-F M-2v  |2 z